Central Library OPAC University of Rajshahi

Essays on rhetoric / (Record no. 21226)

MARC details
000 -LEADER
fixed length control field 00612nam a2200229 a 4500
001 - CONTROL NUMBER
control field 21226
003 - CONTROL NUMBER IDENTIFIER
rucl marc code BD-RjUL
005 - DATE AND TIME OF LATEST TRANSACTION
control field 20211209000649.0
008 - FIXED-LENGTH DATA ELEMENTS--GENERAL INFORMATION
fixed length control field 140303s1965 nyu 000 0 eng
035 ## - SYSTEM CONTROL NUMBER
System control number (BD-RjUL)21290
040 ## - CATALOGING SOURCE
Original cataloging agency DLC
Transcribing agency BSC
Modifying agency BD-RjUL
Language of cataloging eng
041 ## - LANGUAGE CODE
Language code of text/sound track or separate title eng
082 00 - DEWEY DECIMAL CLASSIFICATION NUMBER
Classification number 808
Author mark and year ESS 1965
099 ## - LOCAL FREE-TEXT CALL NUMBER (OCLC)
Bangla Class number *ML A.6W - A& - G5
245 10 - TITLE STATEMENT
Title Essays on rhetoric /
Statement of responsibility, etc. edited by Dudley Bailey.
260 ## - PUBLICATION, DISTRIBUTION, ETC. (IMPRINT)
Place of publication, distribution, etc. New York :
Name of publisher, distributor, etc. Oxford University Press,
Date of publication, distribution, etc. c1965.
300 ## - PHYSICAL DESCRIPTION
Pagination viii, 309 p. ;
Size 23 cm.
650 #0 - SUBJECT ADDED ENTRY--TOPICAL TERM
Topical term or geographic name as entry element Rhetoric.
9 (RLIN) 65624
700 1# - ADDED ENTRY--PERSONAL NAME
Personal name Bailey, Dudley.
942 ## - ADDED ENTRY ELEMENTS (KOHA)
Source of classification or shelving scheme Dewey Decimal Classification
Koha item type Books
Holdings
Lost status Source of classification or shelving scheme Damaged status Not for loan Collection code Permanent Location Current Location Shelving location Date acquired Source of acquisition Cost, normal purchase price Total Checkouts Full call number Date last seen Copy number Koha item type
  Dewey Decimal Classification   Added to bundle Non-fiction Central Library, University of Rajshahi Central Library, University of Rajshahi Reading Room 04/11/1968 Zeitlinger 28.00   808 ESS 1965 03/03/2014 C-1 Books